000 01238nam a2200241Ia 4500
003 Ost
005 20260507075216.0
008 260507s9999||||xx |||||||||||||| ||und||
040 _cfsecg
041 _aara
082 _a330
100 _aالسيد، معين امين
_eمؤلف
245 0 _aإدارة الموارد البشرية في ظل المتغيرات الاقتصادية العالمية الحالية :
_bمع دراسة حالات تطبيقية لبعض البلدان العربية /
_c معين امين السيد
260 _aعمان:
_bد.ن,
_c2010
300 _a389 صفحة؛
_bإيضاحات ؛
_c24 سم
504 _aمراجع ص.383 ؛ اشكال :لكل شكل صفحة ؛ جداول :لكل جدول صفحة
520 _aالادارة الاستراتيجية للموارد البشرية ، تخطيط الموارد البشرية ، سياسة التوظيف و المسار الوظيفي ، تقييم الوظائف ، التدريب ، القيادة ، تقييم الاداء ، نظم الحوافز .
653 _aإدارة الأفراد
653 _aالإدارة
653 _aالقوى العاملة
653 _aالموارد البشرية
942 _cكتاب
999 _c43495
_d43495